000 00321nam a2200133Ia 4500
008 220204s9999 xx 000 0 und d
082 _a031
_bCRO
100 _aCowden, D J
245 0 _aApplied general statistics
250 _aEd.2
260 _aNew Delhi
_bPrentice Hall
_c1966
700 _aCroxton, F E
942 _cBK
999 _c20879
_d20879